• 首页
  • 本馆介绍
  • 公告通知
  • 最新文献
  • 馆藏检索
  • 电子资源
  • 读者导购
  • 参考咨询
  • 我的图书馆
  • 登录
  • 详细信息显示
  • 放入我的书架
  • 预约/预借图书
  • 作者相关作品
  • 分类相关作品
  • 丛书相关作品
  • 出版社相关作品

书目信息

  • 表格格式
  • 工作单格式
  • 卡片格式
题名:
小伙伴之歌
    
 
作者: 顾晓萌 编
分册:   初/中级
出版信息: 上海   上海音乐出版社  2001
页数: 161页
开本: 26cm
丛书名:
单 册:
中图分类: J652.6
科图分类:
主题词: 儿童歌曲--合唱--世界--选集 , 儿童歌曲 , 合唱
电子资源:
ISBN: 7-80553-920-0
000 00781nam0 2200241 450
001 1233925720
005 20121019170531.53
010    @a7-80553-920-0@dCNY15.00
100    @a20010627d2001 cd y0chiy0110 ea
101 0  @achi
102    @aCN@b310000
105    @ag z 000yy
200 1  @a小伙伴之歌@Axiao huo ban zhi ge@e中外童声合唱曲精选@i初/中级@f顾晓萌编
210    @a上海@c上海音乐出版社@d2001
215    @a161页@d26cm
330    @a本级收有“我是只小蜂鸟”、“可爱的猫头鹰”、“两只小象”、“雨林中小蜥蜴”、“劳动最光荣”、“我怎样长大”等60首中外童声合唱曲。
606 0  @a儿童歌曲@x合唱@y世界@j选集
606 0  @a儿童歌曲
606 0  @a合唱
690    @aJ652.6@v4
701  0 @a顾晓萌@Agu xiao meng@4编
801  0 @aCN@bNLC@c20101222
905    @a10447@dJ652.6@eJY119:1
    
    小伙伴之歌:中外童声合唱曲精选.初/中级/顾晓萌编.-上海:上海音乐出版社,2001
    161页;26cm
    
    
    ISBN 7-80553-920-0:CNY15.00
    本级收有“我是只小蜂鸟”、“可爱的猫头鹰”、“两只小象”、“雨林中小蜥蜴”、“劳动最光荣”、“我怎样长大”等60首中外童声合唱曲。
●
相关链接 在E读中查询图书 在五车中查询图书 在当当中查询图书 在豆瓣中查询图书


正题名:小伙伴之歌     索取号:J652.6/JY119:1         预约/预借

序号 登录号 条形码 馆藏地/架位号 状态 备注
1 7834131   278341313   学院路分馆/ [索取号:J652.6/JY119:1] 在馆    
2 7834218   278342189   学院路分馆/ [索取号:J652.6/JY119:1] 在馆    
3 7834219   278342198   学院路分馆/ [索取号:J652.6/JY119:1] 在馆    
4 7834220   278342205   学院路分馆/ [索取号:J652.6/JY119:1] 在馆    
唐山师范学院图书馆 欢迎您!
大连网信软件有限公司© 版权所有